Loading...
| Mythology | 0 | 4 | 0 | 0 | 40 | 20 | 50.50 | 4 | 4 |
| Fine Arts - Other Fine Arts | 0 | 1 | 0 | 0 | 10 | 114 | 114.00 | 0 | 0 |
| Fine Arts - Visual Fine Arts | 0 | 1 | 0 | 0 | 10 | 82 | 82.00 | 0 | 1 |
| History - European History | 0 | 1 | 0 | 0 | 10 | 97 | 97.00 | 0 | 0 |
| History - Other History | 0 | 1 | 0 | 0 | 10 | 75 | 75.00 | 0 | 0 |
| Literature - British Literature | 0 | 1 | 0 | 1 | 10 | 141 | 141.00 | 0 | 0 |
| Science - Biology | 0 | 1 | 0 | 0 | 10 | 63 | 63.00 | 0 | 0 |
| Philosophy | 0 | 1 | 0 | 0 | 10 | 45 | 45.00 | 1 | 1 |
| Pop Culture | 0 | 1 | 0 | 0 | 10 | 114 | 114.00 | 0 | 0 |
| Religion | 0 | 1 | 1 | 0 | 5 | 97 | 97.00 | 0 | 1 |
| Social Science | 0 | 0 | 0 | 0 | 0 | 0.00 | 0 | 0 | |
| Fine Arts - Classical Music | 0 | 1 | 2 | 0 | 0 | 117 | 117.00 | 0 | 0 |
| Other Academic | 0 | 0 | 1 | 0 | -5 | 0.00 | 0 | 0 |